[Event "MOR-chT2M 0203"]
[Site "Moravia"]
[Date "2002.12.01"]
[Round "4"]
[White "Zavurka, Roman"]
[Black "Hudecek, Jan"]
[Result "0-1"]
[WhiteElo "2187"]
[BlackElo "2293"]
[PlyCount "90"]
[EventDate "2002.10.??"]
[EventType "team-tourn"]
[EventRounds "11"]
[EventCountry "CZE"]
[SourceTitle "EXT 2006"]
[Source "ChessBase"]
[SourceDate "2005.11.24"]
[SourceVersion "1"]
[SourceVersionDate "2005.11.24"]
[SourceQuality "1"]

1. d4 Nf6 2. Nf3 c5 3. e3 g6 4. Be2 Bg7 5. 0-0 0-0 6. c4 cxd4 7. exd4 d5 8. b3 Nc6 9. Bb2 b6 10. Ne5 Bb7 11. Nxc6 Bxc6 12. Nd2 Rc8 13. Rc1 dxc4 14. bxc4 Ne8 15. Bg4 f5 16. Bf3 Bxd4 17. Bxd4 Qxd4 18. Bxc6 Rxc6 19. Qa4 Rc7 20. Nf3 Qf6 21. Rfe1 Nd6 22. Qb3 Rc5 23. Qe3 Rfc8 24. Ne5 Nxc4 25. Rxc4 Rxc4 26. Qf3 b5 27. Nxc4 bxc4 28. Qb7 Qc6 29. Qxa7 Rc7 30. Qa3 e6 31. h3 c3 32. Qb3 c2 33. Rc1 Kf7 34. a4 Qc5 35. Qg3 e5 36. Qh4 h5 37. Qd8 Rb7 38. Qd2 Rb1 39. Kf1 Qa3 40. Qd7+ Qe7 41. Qd2 Qa3 42. Qd7+ Kf6 43. Ke2 Rxc1 44. Qd8+ Kg7 45. Qe7+ Qxe7 0-1

[Event "Pardubice KB op"]
[Site "Pardubice"]
[Date "2000.07.21"]
[Round "1"]
[White "Hudecek, Jan"]
[Black "Luther, Thomas"]
[Result "1/2-1/2"]
[WhiteElo "2291"]
[BlackElo "2547"]
[PlyCount "89"]
[EventDate "2000.07.21"]
[EventType "swiss"]
[EventRounds "9"]
[EventCountry "CZE"]
[SourceTitle "EXT 2001"]
[Source "ChessBase"]
[SourceDate "2000.11.22"]
[SourceVersion "1"]
[SourceVersionDate "2000.11.22"]
[SourceQuality "1"]

1. d4 e6 2. g3 c5 3. Nf3 b5 4. Bg2 Bb7 5. 0-0 Nf6 6. Bg5 cxd4 7. Nxd4 Bxg2 8. Kxg2 Qb6 9. Bxf6 gxf6 10. e3 Qb7+ 11. Qf3 Qxf3+ 12. Kxf3 a6 13. a4 b4 14. Nd2 Bc5 15. N2b3 Bxd4 16. Nxd4 Ke7 17. Rfc1 Rc8 18. c3 bxc3 19. Rxc3 Rxc3 20. bxc3 d5 21. Rb1 Nd7 22. Rb7 Kd8 23. Ke2 Kc8 24. Rb4 Rb8 25. Nb3 Kc7 26. f4 Rb6 27. Kd3 Kc6 28. Nd4+ Kd6 29. Nb3 Nc5+ 30. Nxc5 Kxc5 31. Rxb6 Kxb6 32. c4 Kc5 33. cxd5 Kxd5 34. g4 f5 35. g5 Kc5 36. Kc3 a5 37. h3 Kd5 38. Kd3 Kc5 39. Kc3 Kd5 40. Kd3 e5 41. h4 exf4 42. exf4 Kc5 43. Kc3 Kd5 44. Kd3 Kc5 45. Kc3 1/2-1/2